000 00446nam a2200145Ia 4500
008 220204s9999 xx 000 0 und d
020 _a8185116520
082 _a631.8(540)
_bTAN
100 _aTandon, H L S
245 0 _aFertiilsers in Indian Agriculture-From 20th to 21st century
260 _aNew Delhi
_bFertiliser Development and Consultation Organisation
_c2004
650 _aNutrient deficiency
650 _aPlant nutrients
942 _cBK
999 _c42981
_d42981